Norwich City Who's In The Kit? Picture Quiz #1 - Statistics

General Stats
  • This quiz has been taken 6 times
  • The average score is 9 of 20
Answer Stats
Picture Answer % Correct
Steve Bruce
100%
Justin Fashanu
83%
Duncan Forbes
67%
Jeremy Goss
67%
Martin O'Neill
67%
Martin Peters
67%
Robert Fleck
67%
Dale Gordon
50%
Darren Eadie
50%
Ian Crook
50%
John Deehan
50%
Ian Culverhouse
33%
Jon Newsome
33%
Mick Channon
33%
Hugh Curran
17%
Ian Butterworth
17%
Dave Stringer
0%
Neil O'Donnell
0%
Ron Ashman
0%
Roy Hollis
0%
No matching quizzes found
Score Distribution
Percent of People with Each Score
Percentile by Number Answered
Your Score History
You have not taken this quiz